Resultados y lecciones en producción de pato muscovy para carne: proyectos de innovación en regiones VII y IX
Պահպանված է:
| Համատեղ հեղինակներ: | , |
|---|---|
| Ձևաչափ: | Գիրք |
| Լեզու: | իսպաներեն |
| Հրապարակվել է: |
Santiago
FIA
2008
|
| Շարք: | Experiencias de Innovación para el Emprendimiento Agrario, 16
|
| Խորագրեր: | |
| Ցուցիչներ: |
Ավելացրեք ցուցիչ
Չկան պիտակներ, Եղեք առաջինը, ով նշում է այս գրառումը!
|
MARC
| LEADER | 00000nam a2200000 a 4500 | ||
|---|---|---|---|
| 001 | UCH7772 | ||
| 003 | CL-VaPUC | ||
| 008 | 091126e20080000CL |||||||||||||||||spa|d | ||
| 020 | |a 9789567874989 | ||
| 082 | 0 | 4 | |a 636.597 |b FUN |2 21 |
| 110 | 2 | |a Fundación para la Innovación Agraria |e author |9 544113 | |
| 710 | 2 | |a Ministerio de Agricultura |e author |9 544114 | |
| 245 | 1 | 0 | |a Resultados y lecciones en producción de pato muscovy para carne: proyectos de innovación en regiones VII y IX |
| 300 | |a 44 p | ||
| 942 | |c BK | ||
| 945 | |d 20091126 00:00:00 |a rbrito | ||
| 260 | |a Santiago |b FIA |c 2008 | ||
| 650 | 7 | |a PATO |2 CL-VaPUC |9 544115 | |
| 650 | 7 | |a PRODUCCION DE PATO |2 CL-VaPUC |9 544116 | |
| 650 | 0 | |a Análisis de mercado |9 260838 | |
| 650 | 0 | |a Comercialización |9 259326 | |
| 583 | |a last modification |c 20091126 00:00:00 |k Rodrigo Vera | ||
| 490 | 0 | |a Experiencias de Innovación para el Emprendimiento Agrario, 16 | |
| 999 | |c 338149 |d 338147 | ||
| 952 | |0 0 |1 0 |4 0 |6 636_597000000000000_FUN_2008 |7 0 |8 A |9 431007 |a BIBAGR |b BIBAGR |d 2019-11-22 |i 4621042 |o 636.597 FUN 2008 |p 4621042 |r 2025-01-20 |w 2019-11-22 |y BK |k AGR | ||